000 02406cam a22004337a 4500
001 17233703
003 AUA.1
005 20240227091123.0
008 120330s2012 nyu b 001 0 eng d
010 _a 2012936577
020 _a9780809147731
020 _a0809147734
035 _a(OCoLC)ocn810119581
040 _aBTCTA
_beng
_cBTCTA
_dXII
_dYDXCP
_dCDX
_dBWX
_dMR4
_dOCLCF
_dDLC
042 _alccopycat
050 0 0 _aBT764.3
_b.B53 2012
082 0 4 _a234.7
_222
245 0 4 _aThe biblical foundations of the Doctrine of justification :
_ban ecumenical follow-up to the Joint Declaration on the Doctrine of justification /
_cpresented by a task force of biblical scholars and systematic theologians from the Lutheran World Federation, the Pontifical Council for Promoting Chrisitan Unity, the World Communion of Reformed Churches, and the World Methodist Council.
260 _aNew York :
_bPaulist Press,
_cc2012.
300 _axiv, 129 p. :
_c23 cm.
504 _aIncludes bibliographical references (p. 113-116) and index.
505 0 _aHermeneutical aspects -- Traditions of biblical interpretation -- The Old Testament -- The New Testament -- The Bible and the JDDJ, conclusion.
520 _a"Investigates the biblical foundations of the doctrine of justification, an official document of the Catholic Church and the Lutheran World Foundation, and represents a new level of ecumenical relations since it expresses the official position of the churches involved"--Publisher's website.
610 2 0 _aCatholic Church
_xRelations
_xLutheran Church.
610 2 0 _aCatholic Church
_xRelations
_xProtestant churches.
630 0 0 _aJoint Declaration on the Doctrine of Justification.
650 0 _aJustification (Christian theology)
_xBiblical teaching.
650 0 _aLutheran Church
_xRelations
_xCatholic Church.
650 0 _aProtestant churches
_xRelations
_xCatholic Church.
650 0 _aChristian union
_xLutheran Church.
650 0 _aChristian union
_xCatholic Church.
710 2 _aLutheran World Federation.
710 2 _aCatholic Church.
_bPontificium Consilium ad Christianorum Unitatem Fovendam.
710 2 _aWorld Communion of Reformed Churches.
710 2 _aWorld Methodist Council.
906 _a7
_bcbc
_ccopycat
_d2
_encip
_f20
_gy-gencatlg
942 _2lcc
_cBOOK
_hBT 764.3
_i.B53 2012
999 _c24255
_d24255